Longman grammar of spoken and written English
Guardado en:
| Autores principales: | , , , , |
|---|---|
| Formato: | Libro |
| Lenguaje: | inglés |
| Publicado: |
Londres
Pearson Education
1999
|
| Materias: | |
| Etiquetas: |
Agregar Etiqueta
Sin Etiquetas, Sea el primero en etiquetar este registro!
|
MARC
| LEADER | 00000cam a2200000 a 4500 | ||
|---|---|---|---|
| 001 | UCL1999 | ||
| 003 | CL-VaPUC | ||
| 008 | 030926e19990000UK |||||||||||||||||eng|d | ||
| 020 | |a 0582237254 | ||
| 082 | 0 | 4 | |a 428.2 |b BIB |2 21 |
| 100 | 0 | |a Biber, Douglas |e author |9 479030 | |
| 700 | |a Johansson, Stig |e author |9 540384 | ||
| 700 | |a Leech, Geoffrey N |e author |9 464882 | ||
| 700 | 0 | |a Conrad, Susan |e author |9 479033 | |
| 700 | 0 | |a Finegan, Edward |e author |9 479034 | |
| 245 | 1 | 0 | |a Longman grammar of spoken and written English |
| 300 | |a 1203 p | ||
| 942 | |c BK | ||
| 945 | |d 20030926 00:00:00 |a cmena | ||
| 260 | |a Londres |b Pearson Education |c 1999 | ||
| 650 | 0 | |a Gramática |9 270497 | |
| 650 | 0 | |a Inglés |9 260023 | |
| 650 | 0 | |a Educación lingüística |9 306506 | |
| 583 | |a last modification |c 20160907 03:36:39 |k Rodrigo Vera | ||
| 999 | |c 305423 |d 305421 | ||
| 952 | |0 0 |1 0 |4 0 |6 428_200000000000000_BIB_1999 |7 0 |8 X |9 369295 |a BIBEDU |b BIBEDU |d 2019-11-21 |i 3947688 |o 428.2 BIB 1999 |p 3947688 |r 2023-01-13 |w 2019-11-21 |y BK_X |k LIT | ||
| 952 | |0 0 |1 0 |4 0 |6 428_200000000000000_BIB_1999 |7 0 |8 X |9 369296 |a BIBEDU |b BIBEDU |d 2019-11-21 |i 4056396 |o 428.2 BIB 1999 |p 4056396 |r 2023-01-13 |w 2019-11-21 |y BK_X |k LIT | ||
| 952 | |0 0 |1 0 |4 0 |6 428_200000000000000_BIB_1999 |7 0 |8 X |9 369297 |a BIBEDU |b BIBEDU |d 2019-11-21 |i 405640K |o 428.2 BIB 1999 |p 405640K |r 2023-01-13 |w 2019-11-21 |y BK_X |k LIT | ||
| 952 | |0 0 |1 0 |4 0 |6 428_200000000000000_BIB_1999 |7 0 |8 X |9 369298 |a BIBEDU |b BIBEDU |d 2019-11-21 |i 4056418 |o 428.2 BIB 1999 |p 4056418 |r 2023-01-13 |w 2019-11-21 |y BK_X |k LIT | ||
| 952 | |0 0 |1 0 |4 0 |6 428_200000000000000_BIB_1999 |7 0 |8 A |9 369299 |a FDOPOS |b FDOPOS |d 2019-11-21 |i 4793560 |o 428.2 BIB 1999 |p 4793560 |r 2025-01-22 |w 2019-11-21 |y BK |k DLA | ||
| 952 | |0 0 |1 0 |4 0 |6 428_200000000000000_BIB_1999 |7 0 |8 A |9 369300 |a FDOPOS |b FDOPOS |d 2019-11-21 |i 4793579 |o 428.2 BIB 1999 |p 4793579 |r 2025-01-22 |w 2019-11-21 |y BK |k DLA | ||
| 952 | |0 0 |1 0 |4 0 |6 428_200000000000000_BIB_1999 |7 0 |8 A |9 369301 |a FDOPOS |b FDOPOS |d 2019-11-21 |i 4793587 |o 428.2 BIB 1999 |p 4793587 |r 2025-01-22 |w 2019-11-21 |y BK |k DLA | ||